| 000 | 01267cad a22002415a 4500 | ||
|---|---|---|---|
| 001 | E148629 | ||
| 008 | 091013e20091001xxkb f s000 0 eng d | ||
| 035 | _a(Sirsi) u148629 | ||
| 041 | 0 | _aeng | |
| 050 | 0 | 4 | _a306.1 $2 18 |
| 100 | 1 | _aRehfisch, Alan | |
| 245 | 0 | 0 |
_aCompulsory purchase and the planning system _h[electronic resource] |
| 260 |
_aEdinburgh _bScottish Parliament _c2009 |
||
| 490 | 0 |
_aSPICe Briefing _v(09/71) 1 October 2009 |
|
| 505 | 2 | _aIntroduction -- Planning legislation and compulsory purchase -- Human rights -- Compulsory purchase system: compulsory purchase order procedure; appeal against a compulsory purchase order; compensation -- Sources -- Related briefings | |
| 520 | _aSets out the powers available to local authorities in relation to compulsory purchase. Looks at human rights issues involved and sets out how the compulsory purchase system works in relation to planning issues. | ||
| 521 | _aAdvanced | ||
| 590 | _aKA | ||
| 651 | 4 |
_aScotland _y1999- |
|
| 690 | _aENVIRONMENTAL AND LAND CONSULTANCY-PLANNING AND DEVELOPMENT-COMPULSORY PURCHASE AND COMPENSATION | ||
| 856 | 4 | 0 |
_uhttps://www.scottish.parliament.uk/business/research/date/index.htm _zView the briefing free of charge at www.scottish.parliament.uk... |
| 942 | _n0 | ||
| 999 |
_c110138 _d110138 |
||